Statistics for Famous women in history

Click here to take the quiz!

General Stats

  • This quiz has been taken 56 times
  • The average score is 10 of 100

Answer Stats

Answer% Correct
Cleopatra
88%
Joan of arc
78%
Queen elizabeth I
76%
Marie antoinette
65%
Florence nightingale
49%
Marie curie
49%
Rosa parks
49%
Harriet tubman
45%
Eleanor roosevelt
37%
Jane austen
35%
Lady godiva
35%
Catherine the great
33%
Boudica
31%
Dolly parton
29%
Lucille ball
29%
Eva perón
27%
Madonna
22%
Annie oakley
20%
Mae west
20%
Margaret thatcher
20%
Mata hari
18%
Oprah
18%
Ruth bader ginsburg
16%
Susan B. anthony
16%
Josephine baker
14%
Tina fey
14%
Helen keller
10%
Julia child
10%
Maya angelou
10%
Sojourner truth
10%
Malala yousafzai
8%
Sally ride
8%
Amelia earheart
6%
Billie holiday
6%
Joan jett
6%
Nellie bly
6%
Artemisia gentileschi
4%
Georgia O'keefe
4%
Harriet beecher stowe
4%
Hedy lamarr
4%
Lilith
4%
Mary pickford
4%
Angela davis
2%
Barbara walters
2%
Beatrix potter
2%
Bonnie parker
2%
Valentina tereshkova
2%
Abigal adams
0%
Afa lovelace
0%
Alice guy-Blaché
0%
Amalia eriksson
0%
Anaïs nin
0%
Anita garibaldi
0%
Anna atkins
0%
Anna may wong
0%
Annie edson taylor
0%
Aphra behn
0%
Belva lockwood
0%
Bettie page
0%
Betty friedan
0%
Carmen niranda
0%
Ching shih
0%
Christine jorgensen
0%
Coretta scott king
0%
Diana nyad
0%
Diana vreeland
0%
Dorothy dandridge
0%
Edith head
0%
Edith wharton
0%
Élisabeth vigée leburn
0%
Elizabeth blackwell
0%
Elsa schiaparelli
0%
Empress wu zetian
0%
Fannie farmer
0%
Gloria steinem
0%
Grace O'malley
0%
Gypsy rose lee
0%
Helen gurley brown
0%
Iva toguri D'Aquino
0%
Jeanne de Belleville
0%
Judy blume
0%
Junko tabei
0%
Khutulun
0%
Lilian bland
0%
Madam C.J. walker
0%
Margaret sanger
0%
Maria mitchell
0%
Marlene sanders
0%
Martha graham
0%
Mary blair
0%
Mary quant
0%
Nora ephron
0%
Norma shearer
0%
Phyllis diller
0%
Rachel carson
0%
Ruth westheimer
0%
selena
0%
Sister corita knt
0%
Tallulah bankhead
0%
Tomyris
0%

Score Distribution

Percentile by Number Answered

Percent of People with Each Score

Your Score History

You have not taken this quiz